Statistics for 2022-23 Greek Super League Teams

Click here to take the quiz!

General Stats

  • This quiz has been taken 31 times
  • The average score is 12 of 14

Answer Stats

Team% Correct
AEK Athens
100%
Olympiacos
100%
Panathinaikos
100%
PAOK
96%
Aris
93%
Volos
93%
Atromitos
89%
OFI
81%
Asteras Tripolis
78%
Lamia
78%
Panetolikos
74%
Ionikos
70%
PAS Giannina
70%
Levadiakos
63%

Score Distribution

Percentile by Number Answered

Percent of People with Each Score

Your Score History

You have not taken this quiz